00000000nam 2200000zi 4500
0019.946728
003CaOODSP
00520250115124708
006m     o  d f      
007cr |||||||||||
008250110s1972####onc     o    f000 0 eng d
040 |aCaOODSP|beng|erda|cCaOODSP
043 |an-cn-qu
0861 |aRE22-402/1972E-PDF
24503|aLa Macaza military base / |cRaymond, Joyal & Associés.
264 1|a[Ottawa] : |b[Department of Regional Economic Expansion], |c1972.
300 |a1 online resource (1 volume (pagination multiple))
336 |atext|btxt|2rdacontent
337 |acomputer|bc|2rdamedia
338 |aonline resource|bcr|2rdacarrier
500 |aDigitized edition from print [produced by Innovation, Science and Economic Development Canada].
500 |a"Our file: 1230."
500 |aMissing volumes ii and iii.
500 |aIssued also in French under title: Base militaire de la Macaza.
650 0|aMilitary base|zQuébec (Province)|zLa Macaza.
7101 |aCanada. |bDepartment of Regional Economic Expansion, |eissuing body.
77508|tBase militaire de la Macaza / |w(CaOODSP)9.926883
85640|qPDF|s2.19 MB|uhttps://publications.gc.ca/collections/collection_2025/isde-ised/re22/RE22-402-1972-1-eng.pdf|z(volume i)